000 00356cam a22001337a 4500
008 180718b1958 xxu||||| |||| 00| 0 eng d
082 _aA383 M691
100 _aMitchel, Stuart
245 _aClerks in lowly orders
_cby Stuart Mitchel
260 _aLondon
_bGollancz
_c1958
300 _a200p.
500 _aFiction, 13/6
650 _aCivil Service - Fiction
999 _c374096
_d374096